=LDR 00000nam 2200000 4500 =001 INLIS000000000046339 =005 20150311110355.0 =006 =007 =008 =020 ##$$a 978-979-16449-8-3 =035 ##$$0010-031500000000111 =040 ##$$a NBPDMAT =082 ##$$a 811 =090 ##$$a 811 $b Ast r =100 ##$$a Astar siregar =245 ##$$a rekonsiliasi dalam puisi (reconsiliation in poetry) Astar siregar =260 ##$$a jakarta $b tuladong $c 2013 =300 ##$$a vi, 244 hlm. $c 21 cm =500 ##$$a Bibliografi : hlm.243-244 =700 ##$$a Astar siregar =990 ##$$a 0001/BPAP-NTB/20142015 =990 ##$$a 0001/BPAP-NTB/2016 =990 ##$$a 0001/BPAP-NTB/2016